| Tag |
First Indicator |
Second Indicator |
Subfields |
| LEADER |
00000cam a2200000 a 4500 |
| 001 |
in00000930293 |
| 005 |
20150925103033.0 |
| 008 |
891128s1990 nyu b 00010 eng |
| 010 |
|
|
|a 89043630
|
| 019 |
|
|
|a 19611784
|
| 020 |
|
|
|a 0379202212
|
| 035 |
|
|
|a (OCoLC)21561827
|
| 035 |
|
|
|9 AER8327AM
|
| 040 |
|
|
|a DLC
|c DLC
|d BRL
|d SLU
|d OCL
|d UtOrBLW
|
| 043 |
|
|
|a d------
|
| 049 |
|
|
|a TXAM
|
| 050 |
|
4 |
|a K3820
|b .G37 1990
|
| 100 |
1 |
|
|a García Amador, F. V.
|
| 245 |
1 |
4 |
|a The emerging international law of development :
|b a new dimension of international economic law /
|c by F.V. García Amador.
|
| 264 |
|
1 |
|a New York :
|b Oceana Publications,
|c [1990]
|
| 264 |
|
4 |
|c ©1990
|
| 300 |
|
|
|a viii, 286 pages ;
|c 25 cm.
|
| 336 |
|
|
|a text
|b txt
|2 rdacontent
|
| 337 |
|
|
|a unmediated
|b n
|2 rdamedia
|
| 338 |
|
|
|a volume
|b nc
|2 rdacarrier
|
| 504 |
|
|
|a Includes bibliographical references (pages 261-286).
|
| 650 |
|
0 |
|a International economic relations.
|
| 650 |
|
0 |
|a Law
|z Developing countries.
|
| 999 |
|
|
|a MARS
|
| 999 |
f |
f |
|s 97ae2ad5-9928-328d-8562-e8adb7c8799e
|i b5917cc0-163c-3a81-b5c0-a75e9418dc0a
|t 0
|
| 952 |
f |
f |
|p ric
|a Texas A&M University
|b Rellis Campus
|c Joint Library Facility
|d Remote Storage
|t 0
|e K3820 .G37 1990
|h Library of Congress classification
|i unmediated -- volume
|m A14813483175
|
| 998 |
f |
f |
|a K3820 .G37 1990
|t 0
|l Remote Storage
|